00538nam a2200157Ia 4500008004000000082001500040100002600055245005200081260003500133300000800168650002300176690001700199906001100216999001700227952013600244210210b1990 xxu||||| |||| 00| 0 eng d a615.5 SHAW aSHARMA (Ashok Kumar). aWorld famous systems of medicine and therapies. aNDbFamily books pvt ltdc1990 a136 amedicine therapies aPharmacology a045551 c94734d94734 001040708medical scienceaALbALcmedical scienced2021-02-17g20.00l0o615.5 SHAWp045551r2021-02-17 00:00:00w2021-02-17yBK